000 00247nam a2200109Ia 4500
008 200302s9999 xx 000 0 und d
100 _aElizabeth Cameron
245 _aBasic Wiring
260 _bSunset Books Inc.
260 _c1995
300 _a96 P.,
999 _c1736
_d1736